Rzeczy, które są białe na zdjęciach - Statystyki

Ogólne statystyki
  • Ten quiz został rozwiązany 26 razy
  • Średni wynik to 7 z 18
Statystyki odpowiedzi
Obrazkowy Hint Odpowiedź % Poprawnych
zwierzę Łabędź
94%
budynek Biały Dom
89%
gatunek drzewa Brzoza
89%
flaga tego państwa Finlandia
89%
często określane jako „chińska” Porcelana
67%
kwiat Stokrotka
56%
czym pokryty jest ten budynek Marmur
33%
jedzenie Marshmallow
33%
budynki na tej greckiej wyspie Santorini
28%
konkretna góra Fudżi
17%
miejsce Antarktyka
11%
rasa psa Bichon Frise
11%
ten delikatny rodzaj chmury Chmura pierzasta
11%
klify w pobliżu tego angielskiego miasta Dover
11%
zwierzę Beluga
6%
to muzeum w Nowym Jorku Guggenheim
6%
substancja Kość słoniowa
6%
Kwiat alpejski Szarotka
6%
Nie znaleziono quizów pasujących do podanych kryteriów
Rozkład punktacji
Procent ludzi z każdym wynikiem
Percentyl według liczby udzielonych odpowiedzi
Twoja historia wyników
Nie rozwiązałeś tego quizu